Every Country that is a Monarchy - Statistics

General Stats
  • This quiz has been taken 8 times
  • The average score is 33 of 43
Answer Stats
Country % Correct
Denmark
100%
Luxembourg
100%
Netherlands
100%
Norway
100%
Sweden
100%
United Kingdom
100%
Andorra
88%
Belgium
88%
Japan
88%
Jordan
88%
Liechtenstein
88%
Malaysia
88%
Monaco
88%
Oman
88%
Qatar
88%
Saudi Arabia
88%
Spain
88%
Tonga
88%
United Arab Emirates
88%
Vatican City
88%
Bahrain
75%
Bhutan
75%
Eswatini
75%
Lesotho
75%
Morocco
75%
New Zealand
75%
St. Kitts & Nevis
75%
St. Lucia
75%
Thailand
75%
Antigua & Barbuda
63%
Australia
63%
Bahamas
63%
Brunei
63%
Canada
63%
Grenada
63%
Jamaica
63%
Kuwait
63%
Papua New Guinea
63%
St. Vincent & the Grenadines
63%
Belize
50%
Cambodia
50%
Solomon Islands
50%
Tuvalu
50%
No matching quizzes found
Score Distribution
Percent of People with Each Score
Percentile by Number Answered
Your Score History
You have not taken this quiz